00857nam a2200157Ia 4500999001500000008004100015100002400056245003600080260003900116300000700155650001800162942001500180952016400195952017600359952016400535 c6774d6774191201s2011 xx 000 0 und d aNAGPAL, Saraswati  0aSita Daughter of the Earth  bKALYANI NAVYUG MEDIA PVT LTDc2011 a91 aGeneral Books 2ddccBK03 00102ddc40708GENERALaPIETbPIETd2020-07-21eKalyani Nav yug Media Pvt Ltd.g275.00k271l0o741.5 NASp30296r2019-12-04 00:00:00v151.25w2018-08-31yBK 00102ddc40708GENERALaPIETbPIETd2020-07-21eKalyani Nav yug Media Pvt Ltd.g275.00k271l3o741.5 NASp30297r2022-11-03 00:00:00s2022-10-21v151.25w2018-08-31yBK 00102ddc40708GENERALaPIETbPIETd2020-07-21eKalyani Nav yug Media Pvt Ltd.g275.00k271l0o741.5 NASp30298r2019-12-04 00:00:00v151.25w2018-08-31yBK